| 000 | 00416 a2200145 4500 | ||
|---|---|---|---|
| 001 | ART_11029 | ||
| 005 | 20260410161849.0 | ||
| 008 | 260409a | ||
| 245 | 1 | 0 | _aUna función de costos para la industria bancaria |
| 100 | 1 | _aDAmato, Laura | |
| 700 | 1 | _aLópez, Beatriz | |
| 700 | 1 | _aPenas, Fabiana | |
| 700 | 1 | _aStreb, Jorge M. | |
| 773 | 0 |
_tEconómica _g- Año XL, Nº 2 (jun. 1994) _wREV7541 |
|
| 999 |
_c24872 _d24872 |
||